| 000 | 00738nam a2200229Ia 4500 | ||
|---|---|---|---|
| 001 | 775 | ||
| 003 | GE_BSU | ||
| 008 | 181216s||||||||xx |||||||||||||| ||und|| | ||
| 020 | _a9789941913372 | ||
| 040 | _cGE_BSU | ||
| 080 | _a005(075.8) | ||
| 100 | _aბარათაშვილი,ევგენი;თაკალანძე, ლარისა | ||
| 245 | _aმენეჯმენტის საფუძვლები | ||
| 245 | _cრედ.გია ბერულავა | ||
| 260 | _aთბილისი | ||
| 260 | _c2010 | ||
| 300 | _a495გვ. | ||
| 541 | _h20ლ. | ||
| 653 | _aმენეჯმენტი | ||
| 653 | _aმენეჯმენტის საფუძვლები | ||
| 942 | _cBK | ||
| 999 |
_c34946 _d34946 |
||